<?xml version="1.0" encoding="UTF-8"?><collection xmlns="info:lc/xmlns/marcxchange-v2"><record format="Unimarc" type="bibliographic"><leader>00706nam  2200217   450 </leader><controlfield tag="001">2587360</controlfield><controlfield tag="003">http://id.bnportugal.gov.pt/bib/porbase/2587360</controlfield><controlfield tag="005">20131024151554.0</controlfield><datafield ind1=" " ind2=" " tag="010"><subfield code="a">0521341078</subfield><subfield code="b">conjunto</subfield></datafield><datafield ind1=" " ind2=" " tag="035"><subfield code="a">cearte001.iso/28-11-2013/3131</subfield></datafield><datafield ind1=" " ind2=" " tag="035"><subfield code="a">0003134</subfield></datafield><datafield ind1=" " ind2=" " tag="100"><subfield code="a">20130319d2003    m  y0pory0103    ba</subfield></datafield><datafield ind1="0" ind2=" " tag="101"><subfield code="a">eng</subfield></datafield><datafield ind1=" " ind2=" " tag="102"><subfield code="a">GB</subfield></datafield><datafield ind1="1" ind2=" " tag="200"><subfield code="a">&lt;The &gt;Cambridge history of western textiles</subfield><subfield code="f">edited by David Jenkins</subfield></datafield><datafield ind1=" " ind2=" " tag="210"><subfield code="a">Cambridge</subfield><subfield code="c">Cambridge University Press</subfield><subfield code="d">2003</subfield></datafield><datafield ind1=" " ind2=" " tag="215"><subfield code="a">2 v. (xlii, 1191 p., [43] est.)</subfield><subfield code="c">il.</subfield><subfield code="d">26 cm</subfield></datafield><datafield ind1=" " ind2=" " tag="307"><subfield code="a">2 vol. em caixa.</subfield></datafield><datafield ind1=" " ind2=" " tag="675"><subfield code="a">746(091)</subfield><subfield code="v">3</subfield><subfield code="z">por</subfield></datafield><datafield ind1=" " ind2="1" tag="702"><subfield code="a">Jenkins</subfield><subfield code="b">David</subfield><subfield code="4">340</subfield></datafield><datafield ind1=" " ind2="0" tag="801"><subfield code="a">PT</subfield><subfield code="b">CEARTE</subfield><subfield code="g">RPC</subfield></datafield></record></collection>